[Event "AUTO-OPEN-4322"]
[Site "http://www.queenalice.com/game.php?id=1784719"]
[Date "2022.3.13"]
[Round "2"]
[White "FrankBeckerokay"]
[Black "Telex_Mweene"]
[Result "1-0"]
[WhiteElo "2438"]
[BlackElo "2182"]

1. d4 Nf6 2. Bf4 e6 3. e3 c5 4. c3 Nc6 5. Nd2 Be7 6. h3 cxd4 7. exd4 d6 8. Ngf3
O-O 9. Bc4 Qc7 10. O-O e5 11. dxe5 dxe5 12. Bh2 Rd8 13. Re1 Bd6 14. Qc2 Re8 15.
Ng5 Re7 16. Nde4 Nxe4 17. Qxe4 g6 18. Qh4 1-0

[Event "AUTO-OPEN-4322"]
[Site "http://www.queenalice.com/game.php?id=1784720"]
[Date "2022.3.13"]
[Round "2"]
[White "Telex_Mweene"]
[Black "FrankBeckerokay"]
[Result "0-1"]
[WhiteElo "2187"]
[BlackElo "2435"]

1. d4 Nf6 2. c4 g6 3. Nc3 Bg7 4. e4 d6 5. Be2 Na6 6. Nf3 O-O 7. O-O e5 8. d5 Nc5
9. Qc2 a5 10. a4 Nh5 11. Bg5 f6 12. Be3 b6 13. Ne1 f5 14. Bxh5 gxh5 15. exf5
Bxf5 16. Qd1 Qh4 17. Qe2 e4 18. f3 Rae8 0-1

[Event "AUTO-MASTER-3073"]
[Site "http://www.queenalice.com/game.php?id=1790447"]
[Date "2022.6.8"]
[Round "2"]
[White "FrankBeckerokay"]
[Black "Alexandrovinsk"]
[Result "0-1"]
[WhiteElo "2407"]
[BlackElo "2227"]

1. d4 Nf6 2. c4 e6 3. Nf3 Bb4+ 4. Nbd2 b6 5. a3 Bxd2+ 6. Bxd2 Bb7 7. e3 d6 8.
Be2 O-O 9. O-O c5 10. b4 cxd4 11. Nxd4 Nc6 12. f3 Nxd4 13. exd4 e5 14. Bg5 Re8
15. d5 a5 16. Qd2 h6 17. Be3 Qc7 18. Rfc1 axb4 19. Qxb4 Reb8 20. Qxb6 Qxb6 21.
Bxb6 Bxd5 22. Bc7 Rb2 23. Bf1 Bxf3 24. Bxd6 Bc6 25. Bxe5 Rd2 26. Bc3 Rd7 27. Bb4
Ne4 28. Rc2 f5 29. Be2 Ba4 30. Rcc1 Rc8 31. c5 Kf7 32. Ba6 Rcc7 33. Be2 g6 34.
Rc4 Rc8 0-1

[Event "AUTO-MASTER-3073"]
[Site "http://www.queenalice.com/game.php?id=1790448"]
[Date "2022.6.8"]
[Round "2"]
[White "Alexandrovinsk"]
[Black "FrankBeckerokay"]
[Result "1-0"]
[WhiteElo "2209"]
[BlackElo "2419"]

1. e4 c5 2. Nf3 d6 3. d3 Nf6 4. g3 Nc6 5. Bg2 g6 6. O-O Bg7 7. c3 O-O 8. Re1 e5
9. Nbd2 h6 10. a4 Be6 11. Nf1 d5 12. Qc2 d4 13. Bd2 a5 14. Bc1 Ne8 15. Nh4 Nd6
16. b3 b5 17. Nd2 dxc3 18. Qxc3 Qb6 19. Nhf3 Nd4 20. Nxd4 cxd4 21. Qc2 Rfc8 22.
Qd1 Rc3 23. Bb2 Rxd3 24. axb5 Bxb3 25. Qe2 Rxd2 26. Qxd2 Nc4 27. Qe2 a4 28. Reb1
Qxb5 29. Bf1 Rc8 30. Ba3 Qb7 31. Bc1 Qd7 32. Ba3 Bf8 33. Bxf8 Kxf8 34. Qd3 Kg7
35. Rc1 Nd6 36. Rab1 Qb7 37. f3 1-0

[Event "AUTO-MASTER-3068"]
[Site "http://www.queenalice.com/game.php?id=1791982"]
[Date "2022.7.6"]
[Round "2"]
[White "Harry28"]
[Black "FrankBeckerokay"]
[Result "1-0"]
[WhiteElo "2282"]
[BlackElo "2440"]

1. e4 c5 2. Nf3 d6 3. d4 cxd4 4. Nxd4 Nf6 5. Nc3 a6 6. Bc4 e6 7. Bb3 b5 8. a3
Be7 9. O-O O-O 10. Re1 Bb7 11. Bxe6 fxe6 12. Nxe6 Qc8 13. Nxf8 Bxf8 14. Bf4 Qc5
15. Qd3 Nbd7 16. Rad1 Ne5 17. Qd4 Rc8 18. Qxc5 Rxc5 19. Bxe5 dxe5 20. f3 1-0

[Event "AUTO-OPEN-4305"]
[Site "http://www.queenalice.com/game.php?id=1792785"]
[Date "2022.7.19"]
[Round "3"]
[White "FrankBeckerokay"]
[Black "ChessColossos"]
[Result "1-0"]
[WhiteElo "2443"]
[BlackElo "2023"]

1. d4 b5 2. e4 a6 3. Nf3 Bb7 4. Nbd2 e6 5. a4 Nf6 6. axb5 Nxe4 7. Nxe4 Bxe4 8.
bxa6 Be7 9. Be3 O-O 10. Nd2 Bg6 11. c3 d5 12. Be2 Qc8 13. a7 c5 14. axb8=Q Qxb8
15. Rxa8 Qxa8 16. dxc5 Qa2 17. b4 Ra8 18. O-O Bc2 19. Qc1 1-0

[Event "Frank Becker 𓇼 Josè Zombie"]
[Site "http://www.queenalice.com/game.php?id=1796571"]
[Date "2022.9.20"]
[Round "-"]
[White "JOSETEZOMBIE"]
[Black "FrankBeckerokay"]
[Result "1-0"]
[WhiteElo "2424"]
[BlackElo "2449"]

1. d4 Nf6 2. c4 e6 3. g3 Bb4+ 4. Bd2 Be7 5. Nf3 d5 6. Bg2 O-O 7. O-O c6 8. Qc2
b6 9. Rd1 Nbd7 10. Bf4 Ba6 11. Nbd2 1-0

[Event "AUTO-OPEN-4319"]
[Site "http://www.queenalice.com/game.php?id=1798570"]
[Date "2022.10.24"]
[Round "3"]
[White "FrankBeckerokay"]
[Black "pariolinius"]
[Result "1-0"]
[WhiteElo "2433"]
[BlackElo "2001"]

1. d4 Nf6 2. c4 g6 3. Nc3 d5 4. cxd5 Nxd5 5. e4 Nxc3 6. bxc3 Bg7 7. Bc4 c5 8.
Nf3 O-O 9. O-O Bg4 10. Rb1 b6 11. Bd5 Nc6 12. Bxc6 cxd4 13. Bxa8 1-0

[Event "AUTO-OPEN-4319"]
[Site "http://www.queenalice.com/game.php?id=1798571"]
[Date "2022.10.24"]
[Round "3"]
[White "pariolinius"]
[Black "FrankBeckerokay"]
[Result "0-1"]
[WhiteElo "1999"]
[BlackElo "2426"]

1. d4 Nf6 2. c4 g6 3. Nc3 Bg7 4. e4 d6 5. Nf3 O-O 6. Be2 e5 7. d5 a5 8. O-O Na6
9. a3 Nc5 10. Bg5 h6 11. Bxf6 Qxf6 12. b4 axb4 13. axb4 Rxa1 14. Qxa1 Nb3 15.
Qb2 Nd4 16. Nxd4 exd4 17. Na4 Bd7 18. b5 Ra8 19. Qb3 Qf4 20. Bf3 d3 21. Qd1 Rxa4
22. Qxa4 Be5 23. g3 Qxf3 24. Qd1 Qxe4 25. Re1 Qxc4 0-1